000 00451pab a2200181 454500
008 180718b2008 xxu||||| |||| 00| 0 eng d
100 _aPradhan, Pramodini
245 _aNormalcy far from returning to Kandhamal
260 _c2008
300 _ap.11-14.
362 _a1 Nov
650 _aViolence - India - Orissa
650 _aViolence
700 _aPadhi, Ranjana
773 _aEconomic and Political Weekly
908 _aN
909 _a80043
999 _c80043
_d80043